000 00776 a2200169 4500
003 NUST
005 20221209141415.0
040 _cNust
082 _a297.5,SHA
100 _aShaheed, Shah Ismail
_9104555
245 _aTaqwiat-ul-Iman /
_cShah Ismail Shaheed
260 _aLahore
_bIdara-e-Islamiat
300 _a351:p .:
505 _aPart-1: Taqwiat-ui-Iman (Page-x), Oneness and Plurality of God (Page-1), In Defence of Shirk (Polytheism) (Page-13), About Partnership in Knowledge (Page-23), About the Evils of Partnership in Administration of ALLAH (Page-33), About the Evil of Partnership in Prayer of ALLAH (Page-47), Association with ALLAH in the Affairs of Life (Page-61) Part-2: Tabhkirul Ikhwan (Page-91).
650 _aIman
_9104556
942 _2ddc
_cBK
_k297.5,SHA
999 _c185418
_d185418